Detalles MARC
| 000 -LÍDER |
| Campo fijo de descripción fija |
01685nam a22004094i 4500 |
| 001 - NÚMERO DE CONTROL |
| Campo de control |
3667821 |
| 003 - IDENTIFICADOR DEL NÚMERO DE CONTROL |
| Campo de control |
CO-MdFUSB |
| 005 - FECHA Y HORA DE LA ULTIMA TRANSACCIÓN |
| control field |
20220602144156.0 |
| 008 - ELEMENTOS DE LONGITUD FIJA -- INFORMACIÓN GENERAL |
| Campo fijo de descripción fija -- Información general |
770613r19771892miu b 001 0 eng |
| 010 ## - NÚMERO DE CONTROL DE LA BIBLIOTECA DEL CONGRESO |
| Número de control LC |
77079180 |
| 020 ## - NÚMERO INTERNACIONAL NORMALIZADO PARA LIBROS |
| Número Internacional Normalizado del libro |
0825432154 : |
| Términos de disponibilidad |
$3.50 |
| 040 ## - FUENTE DE CATALOGACIÓN |
| Agencia de catalogación original |
DLC |
| Agencia que realiza la modificación |
OCoLC |
| -- |
DLC |
| Idioma de catalogación |
spa |
| Agencia que realiza la transcripción |
CO-MdFUSB |
| Convenciones de la descripción |
rda |
| 041 ## - CÓDIGO DE IDIOMA |
| Código de idioma para texto/pista de sonido o título separado |
eng |
| 082 00 - NÚMERO DE CLASIFICACIÓN DECIMAL DEWEY |
| Número de clasificación |
227.107 |
| Número de la edición del Dewey |
23 |
| Clave de autor-Numero de item |
M926 |
| 100 ## - ASIENTO PRINCIPAL--NOMBRE PERSONAL |
| Nombre personal |
Moule, H. C. G. |
| Fechas asociadas con el nombre |
1841-1920. |
| Término relacionador |
autor |
| 130 0# - ASIENTO PRINCIPAL--TITULO UNIFORME |
| Name of part/section of a work |
Romans. |
| Idioma de una obra |
English. |
| Date of a work |
1977. |
| 245 10 - TÍTULO |
| Título del Material |
Studies in Romans |
| Mención de responsabilidad, etc. |
/ H. C. G. Moule. |
| 264 #1 - PRODUCCIÓN, PUBLICACIÓN, DISTRIBUCIÓN, MANUFACTURA, Y COPYRIGHT |
| Lugar de producción, publicación, distribución, manufactura |
Grand Rapids, USA : |
| Nombre del productor, publicador, distribuidor |
Kregel Publications, |
| Fecha de producción, publicación, distribución, manufactura, o copyright |
℗1977 |
| 300 ## - DESCRIPCIÓN FÍSICA |
| Extensión |
270 páginas ; |
| Dimensiones |
19 cm. |
| 336 ## - TIPO DE CONTENIDO |
| Fuente |
rdacontent |
| Término de tipo de contenido |
texto |
| Código de tipo de contenido |
txt |
| 337 ## - TIPO DE MEDIO |
| Fuente |
rdamedia |
| Nombre del tipo de medio |
sin mediación |
| Código del tipo de medio |
n |
| 338 ## - TIPO DE SOPORTE |
| Fuente |
rdacarrier |
| Nombre del tipo de soporte |
volumen |
| Código Tipo de soporte |
nc |
| 490 ## - MENCIÓN DE SERIE |
| Mención de serie |
Kregel popular commentary series |
| 500 ## - NOTA GENERAL |
| Nota General |
Reimpresión de la edición de 1892 publicado en University Press, Cambridge, Eng., bajo el título The Epistle of Paul the Apostle to the Romans, y publicado en serie: The Cambridge Bible para escuelas y universidades. |
| 505 ## - NOTA DE CONTENIDO |
| Título |
Capítulo 1. |
| Nota de contenido con formato preestablecido |
Bosquejo de la vida de Pablo |
| 505 ## - NOTA DE CONTENIDO |
| Título |
Capítulo 2. |
| Nota de contenido con formato preestablecido |
Fecha de la epístola, Lenguaje, Autenticidad, Preguntas que surgen sobre los capítulos de cierre, Acerca de la doxología final |
| 505 ## - NOTA DE CONTENIDO |
| Título |
Capítulo 3. |
| Nota de contenido con formato preestablecido |
Paralelos entre las epístolas de los Romanos y los Gálatas |
| 505 ## - NOTA DE CONTENIDO |
| Título |
Capítulo 4. |
| Nota de contenido con formato preestablecido |
Número de citas del antiguo testamento |
| 505 ## - NOTA DE CONTENIDO |
| Título |
Comentario |
| 563 ## - NOTA DE ENCUADERNACIÓN |
| Nota de encuadernación |
Tapa rústica |
| 630 #7 - TITULO UNIFORME |
| Título uniforme |
Biblia. |
| Nombre de parte o sección de la obra |
Romanos |
| Subdivisión de materia general |
Crítica, interpretación, etc. |
| 906 ## - LOCAL DATA ELEMENT F, LDF (RLIN) |
| a |
7 |
| b |
cbc |
| c |
orignew |
| d |
1 |
| e |
opcn |
| f |
19 |
| g |
y-gencatlg |
| 942 ## - TIPO DE MATERIAL (KOHA) |
| Tipo de Item KOHA |
Libros General |
| 945 ## - INFORMACIÓN LOCAL DEL REGISTRO |
| Catalogador |
JTF-925 |